000 00433nam a2200133Ia 4500
008 100328s9999 xx 000 0 und d
082 _b5574
100 _aचिपळूणकर विष्णुशास्त्री
245 _aसंस्कृतकविपंचक
260 _b---
630 _aसंस्कृतकविपंचक
730 _aसंस्कृतकविपंचक
942 _cBOOK
999 _c501562
_d501559